Statistics for Led Zeppelin Ramble On Lyrics

Click here to take the quiz!

General Stats

  • This quiz has been taken 198 times
    (182 since last reset)
  • The average score is 217 of 329

Answer Stats

HintAnswer% Correct
On
98%
on
98%
t
97%
i
96%
I
96%
ramble
96%
Ramble
96%
a
95%
the
91%
go
88%
my
88%
so
86%
to
86%
and
82%
way
81%
it
78%
me
78%
no
77%
all
76%
time
75%
with
73%
Are
71%
but
71%
I'm
71%
im
71%
its
71%
it's
71%
now
71%
of
70%
around
69%
for
68%
Leaves
68%
sing
68%
falling
67%
girl
67%
one
67%
song
67%
was
67%
be
66%
her
66%
you
65%
got
64%
is
64%
do
62%
stay
61%
day
60%
evil
60%
find
60%
in
60%
much
60%
away
59%
moon
58%
pleasant
58%
world
58%
obliged
57%
such
57%
gollum
55%
up
55%
lights
54%
autumn
53%
years
53%
going
52%
mordor
52%
dreams
51%
queen
51%
this
51%
been
50%
crept
50%
darkest
50%
I've
49%
ive
49%
rain
49%
thanks
49%
ten
48%
depths
47%
fair
47%
met
47%
gone
44%
come
43%
know
43%
pain
43%
slipped
43%
thing
43%
has
40%
smell
40%
that
40%
gotta
37%
we
36%
yeah
36%
Sometimes
35%
tired
35%
headed
34%
baby
33%
gonna
33%
grow
33%
can't
32%
thousand
32%
nows
30%
when
28%
days
27%
old
27%
magic
25%
air
23%
ago
22%
drank
22%
filled
21%
keep
21%
spreading
21%
our
20%
hold
19%
tale
19%
told
19%
how
18%
dear
16%
health
16%
roots
16%
twas
16%
freedom
15%
work
12%
mines
11%
searching
10%
blue
8%
heart
7%
bird
6%
stop
3%
feeling
2%

Score Distribution

Percentile by Number Answered

Percent of People with Each Score

Your Score History

You have not taken this quiz since the last reset